| 000 | 00000nam##2200000za#4500 |
| 001 | 9.568152 |
| 003 | CaOODSP |
| 005 | 20210624181131 |
| 007 | cr ||||||||||| |
| 008 | 150406|2002||||xxc|||||o f|0| 0 eng|d |
| 040 | |aCaOODSP|beng |
| 043 | |an-cn--- |
| 086 | 1 |aBT31-2/2003-III-99E-PDF |
| 110 | 1 |aCanada. |bTreasury Board. |
| 245 | 10|aOffice of the Correctional Investigator, 2002-2003 estimates, part III, report on plans and priorities |h[electronic resource] |
| 246 | 3 |aOffice of the Correctional Investigator, 2002-2003 estimates, a report on plans and priorities |
| 260 | |aOttawa - Ontario : |bTreasury Board of Canada Secretariat |cc2002. |
| 300 | |a19p.|btables |
| 490 | 1 |a2002-2003 estimates. Part III, Report on plans and priorities |v2002-2003 |
| 500 | |aThe catalogue number (BT31-2/2003-III-99) and ISBN (0-660-61840-0) for the bilingual print edition have been incorrectly copied in this electronic publication. |
| 590 | |a10-16-Supp|b2010-12-30 |
| 775 | 08|tBureau de l'enquêteur correctionnel, budget des dépenses 2002-2003, partie III, rapport sur les plans et les priorités |w(CaOODSP)9.599446 |
| 776 | 0#|tOffice of the Correctional Investigator |w(CaOODSP)9.535936 |
| 776 | 0#|tBureau de l'enquêteur correctionnel |w(CaOODSP)9.535937 |
| 830 | #0|a2002-2003 estimates. Part III, Report on plans and priorities ;|v2002-2003|w(CaOODSP)9.506177 |
| 856 | 40|ahttp://publications.gc.ca|qPDF|s127 KB|uhttps://publications.gc.ca/collections/Collection/BT31-2-2003-III-99E.pdf|y2002-2003 |